|
|
|
|
| LEADER |
00849nam a2200205 i 4500 |
| 001 |
acta38277 |
| 005 |
20230321233317.0 |
| 008 |
161201s1998 hu o 0|| hun d |
| 022 |
|
|
|a 1216-0954
|
| 040 |
|
|
|a SZTE Egyetemi Kiadványok Repozitórium
|b hun
|
| 041 |
|
|
|a hun
|
| 245 |
0 |
0 |
|a Szultáni fermán a bolgár exarchátus megalapításáról
|h [elektronikus dokumentum] :
|b 1870. február 28.
|
| 260 |
|
|
|a JATE Történész Diákkör
|b Szeged
|c 1998
|
| 300 |
|
|
|a 16
|c 20 cm
|
| 490 |
0 |
|
|a Documenta Historica
|
| 650 |
|
4 |
|a Bölcsészettudományok
|
| 650 |
|
4 |
|a Történettudomány és régészet
|
| 695 |
|
|
|a Ortodox egyház - Balkán - 19. sz. - forrás, Ortodox egyház - bolgár - 19. sz. - forrás, Balkán története - 1820-1870 - forrás
|
| 700 |
0 |
1 |
|a Horváth Krisztián
|
| 856 |
4 |
0 |
|u http://acta.bibl.u-szeged.hu/38277/1/doc_035.pdf
|z Dokumentum-elérés
|